| 000 | 00492nam a22001697a 4500 | ||
|---|---|---|---|
| 999 |
_c15552 _d15552 |
||
| 003 | MIRAKIL | ||
| 005 | 20240301154337.0 | ||
| 008 | 240301b tu ||||| |||| 00| 0 tur d | ||
| 040 |
_aTR-AnCHP _cTR-AnCHP |
||
| 041 | _atur | ||
| 082 |
_a07922 _bH29 [t.y.] |
||
| 090 | _a07922 H29 [t.y.] | ||
| 245 | 1 | 0 | _aHayat Mecmuası 1957 - 1975 |
| 260 |
_a[y.y.] _b[yayınl. y.] _c[t.y.] |
||
| 856 | _zDijital Nüshası için Partimizin Kütüphane Sorumlusu ile iletişime geçiniz. | ||
| 942 |
_2ddc _cBKS |
||